| 000 | 00441nam a2200157Ia 4500 | ||
|---|---|---|---|
| 008 | 230714s9999 xx 000 0 und d | ||
| 020 | _a9790000000000 | ||
| 041 | _aeng | ||
| 082 |
_a621.3815'3 _bBHA |
||
| 100 | _aBhargava S.C. | ||
| 245 | _aElectrical Measuring Instruments And Measurements | ||
| 260 | _bBS Publications | ||
| 365 |
_cRs. _b650.00 |
||
| 700 | _aBhargava S.C. | ||
| 906 |
_dO:0384109-Apr-2014B:IN 401-Apr-2014 _cINST _b520 |
||
| 999 |
_c211461 _d211461 |
||